00346nam a2200145Ia 4500003000400000005001700004008004100021040000700062041000800069082002100077100001900098245002900117260004100146365001300187OSt20230509080424.0210423s2000 xx 000 0 und d cAL aeng a658.3 223bKUNE aKUNDERS (G S). aAre you leader material. aNew DelhibPrism Books Pvt Ltdc2000 b120cINR